Managing behaioral problems of students: Through teaching and parenting (Record no. 1398469)

MARC details
000 -LEADER
fixed length control field 00664nam a2200205Ia 4500
005 - DATE AND TIME OF LATEST TRANSACTION
control field 20250508165954.0
008 - FIXED-LENGTH DATA ELEMENTS--GENERAL INFORMATION
fixed length control field 008 250505s9999 xx 000 0 eng d
037 ## - SOURCE OF ACQUISITION
Stock number TextBook
040 ## - CATALOGING SOURCE
Original cataloging agency FEDL
Language of cataloging eng
Transcribing agency FEDL
041 ## - LANGUAGE CODE
Language code of text/sound track or separate title eng
Source of code eng
084 ## - COLON CLASSIFICATION NUMBER
Classification number 371.1, SAL/R
Assigning agency FEDL
100 ## - MAIN ENTRY--PERSONAL NAME
Personal name Saluja Chandkiran Ed.
9 (RLIN) 782564
245 #0 - TITLE STATEMENT
Title Managing behaioral problems of students: Through teaching and parenting
260 ## - PUBLICATION, DISTRIBUTION, ETC.
Place of publication, distribution, etc. Uttar Pradesh, India
Name of publisher, distributor, etc. Paavan Chintan Dhara Charitable Trust
Date of publication, distribution, etc. 2012
300 ## - PHYSICAL DESCRIPTION
Extent xi, 251p.
365 ## - TRADE PRICE
Price type code INR
Price amount 250
700 ## - ADDED ENTRY--PERSONAL NAME
Personal name Sinha Pawan Ed. Asthana Kavita Ed.
9 (RLIN) 782565
942 ## - ADDED ENTRY ELEMENTS (KOHA)
Koha item type Textbook
Classification part 371.1, SAL/R
Holdings
Withdrawn status Lost status Damaged status Not for loan Home library Current library Date acquired Cost, normal purchase price Total Checkouts Full call number Barcode Date last seen Price effective from Koha item type
        Department of Education Library Department of Education Library 2025-05-08 250.00   371.1, SAL/R EL0092130 2025-05-08 2025-05-08 Textbook
Copyright @ Delhi University Library System